[Event "European Blitz 2014"]
[Site "Wroclaw POL"]
[Date "2014.12.19"]
[Round "10.1"]
[White "Kovalev, Vladislav"]
[Black "Matlakov, Maxim"]
[Result "1-0"]
[WhiteTitle "GM"]
[BlackTitle "GM"]
[WhiteElo "2539"]
[BlackElo "2695"]
[WhiteFideId "13504398"]
[BlackFideId "4168003"]
[EventDate "2014.12.19"]

1. e4 e5 2. Nf3 Nc6 3. Bb5 a6 4. Ba4 Nf6 5. O-O Be7 6. Re1 b5 7. Bb3 d6 8. c3
O-O 9. h3 Re8 10. d4 Bb7 11. Nbd2 Bf8 12. a4 h6 13. Bc2 exd4 14. cxd4 Nb4 15.
Bb1 c5 16. Ra3 d5 17. e5 Ne4 18. Nxe4 dxe4 19. Bxe4 Bxe4 20. Rxe4 Qd5 21. Re1
Red8 22. e6 fxe6 23. Rae3 cxd4 24. Rxe6 d3 25. R1e5 Qc4 26. Bd2 Nc2 27. Re4 Qb3
28. Qc1 Rac8 29. Qf1 Qxb2 30. Rg4 Nd4 31. Nxd4 Qxd2 32. Re1 Qc3 33. Nf5 Qf6 34.
Ne3 d2 35. Rd1 Bc5 36. axb5 axb5 37. Qxb5 Kh8 38. Qb3 Ba7 39. Rc4 Bxe3 40. fxe3
Rxc4 41. Qxc4 Qe5 42. Qe2 Qc3 43. e4 Qc2 44. e5 Qc5+ 45. Kh1 Qd5 46. e6 Qd6 1-0

[Event "European Blitz 2014"]
[Site "Wroclaw POL"]
[Date "2014.12.19"]
[Round "11.1"]
[White "Vitiugov, Nikita"]
[Black "Navara, David"]
[Result "1/2-1/2"]
[WhiteTitle "GM"]
[BlackTitle "GM"]
[WhiteElo "2738"]
[BlackElo "2727"]
[WhiteFideId "4152956"]
[BlackFideId "309095"]
[EventDate "2014.12.19"]

1. d4 d5 2. c4 c6 3. Nf3 Nf6 4. e3 Bg4 5. h3 Bxf3 6. Qxf3 e6 7. Nc3 Nbd7 8. Bd3
Bb4 9. a3 Bxc3+ 10. bxc3 O-O 11. O-O e5 12. Qd1 e4 13. Be2 Nb6 14. c5 Nc4 15.
Qb3 b5 16. cxb6 Na5 17. Qb4 axb6 18. a4 Qc7 19. Rb1 Rfb8 20. Ba3 Nc4 21. Bxc4
dxc4 22. Qxc4 b5 23. Qc5 Rxa4 24. Bb4 Nd5 25. Ra1 h6 26. Rxa4 bxa4 27. Ra1 Ra8
28. Ra3 Qb7 29. Qd6 Qb5 30. Kh2 Nb6 31. Ra1 Nc4 32. Qe7 Nd2 33. Kg1 Nb3 34. Ra2
Qd3 35. Kh2 Qb1 36. Qb7 Qxa2 37. Qxa8+ Kh7 38. Qxc6 Nd2 39. Qa6 Qb1 40. Kg3 Nf1+
41. Kf4 Qc2 42. Ke5 Qxf2 43. Kxe4 Qxe3+ 44. Kd5 Nd2 45. Kc6 Qe6+ 46. Kb7 Qd7+
47. Kb8 Ne4 48. Qd3 f5 49. d5 Nf6 50. d6 Qe6 51. Kc7 Nd5+ 52. Kc6 Ne7+ 53. Kc7
Qc8+ 54. Kb6 Qb8+ 55. Ka6 Qa8+ 56. Kb6 Qc6+ 57. Ka5 Qa8+ 58. Kb6 Qc6+ 1/2-1/2

[Event "European Blitz 2014"]
[Site "Wroclaw POL"]
[Date "2014.12.19"]
[Round "11.1"]
[White "Salgado Lopez, Ivan"]
[Black "Alekseev, Evgeny"]
[Result "1/2-1/2"]
[WhiteTitle "GM"]
[BlackTitle "GM"]
[WhiteElo "2622"]
[BlackElo "2679"]
[WhiteFideId "2257327"]
[BlackFideId "4138147"]
[EventDate "2014.12.19"]

1. e4 c5 2. c3 Nf6 3. e5 Nd5 4. d4 cxd4 5. cxd4 d6 6. Nf3 Nc6 7. Bc4 Nb6 8. Bb5
dxe5 9. Nxe5 Bd7 10. Nxd7 Qxd7 11. Nc3 e6 12. O-O Rc8 13. Re1 Be7 14. d5 Nxd5
15. Nxd5 Qxd5 16. Qxd5 exd5 17. Bf4 a6 18. Bxc6+ Rxc6 19. Rad1 Re6 20. Be3 O-O 1/2-1/2

[Event "European Blitz 2014"]
[Site "Wroclaw POL"]
[Date "2014.12.19"]
[Round "11.1"]
[White "Kovalenko, Igor"]
[Black "Bortnyk, Olexandr"]
[Result "1-0"]
[WhiteTitle "GM"]
[BlackTitle "IM"]
[WhiteElo "2653"]
[BlackElo "2533"]
[WhiteFideId "14117908"]
[BlackFideId "14120828"]
[EventDate "2014.12.19"]

1. d4 d6 2. Nf3 g6 3. e4 Nf6 4. Nbd2 Bg7 5. Be2 O-O 6. O-O Nbd7 7. c3 e5 8. dxe5
Nxe5 9. Nxe5 dxe5 10. Qc2 c6 11. Rd1 Qc7 12. Nc4 Be6 13. Be3 b6 14. a4 Ng4 15.
Bd2 Rab8 16. h3 Nf6 17. Be3 Rfd8 18. b4 c5 19. bxc5 bxc5 20. Bg5 Rxd1+ 21. Rxd1
Nh5 22. Be3 Nf4 23. Bf1 h5 24. Rb1 h4 25. Rb5 Rxb5 26. axb5 Bd7 27. Qa4 Ne6 28.
Qa6 Bf6 29. Be2 Qb8 30. b6 axb6 31. Nxb6 Be8 32. Nd5 Bd8 33. Qa2 Qb7 34. Bg4 Qb5
35. Kh2 Qd3 36. Bxe6 fxe6 37. Qa8 exd5 38. Qxd8 Qb5 39. Qxd5+ Bf7 40. Qxe5 Qc4
41. Bxc5 Qd3 42. Bd4 Kf8 43. Qd6+ Ke8 44. Qe5+ Kd7 45. Qf4 Qc4 46. Qxh4 Qc7+ 47.
Qg3 Qc6 48. Qe5 Qc4 49. f3 Qe2 50. Bc5 Kc6 51. Qd6+ Kb7 52. Qe7+ 1-0

[Event "European Blitz 2014"]
[Site "Wroclaw POL"]
[Date "2014.12.19"]
[Round "11.1"]
[White "Efimenko, Zahar"]
[Black "Bartel, Mateusz"]
[Result "1/2-1/2"]
[WhiteTitle "GM"]
[BlackTitle "GM"]
[WhiteElo "2643"]
[BlackElo "2664"]
[WhiteFideId "14107201"]
[BlackFideId "1112635"]
[EventDate "2014.12.19"]

1. e4 e5 2. Nf3 Nc6 3. Bb5 a6 4. Ba4 Nf6 5. O-O Be7 6. d3 d6 7. c3 O-O 8. Nbd2
Nd7 9. d4 Bf6 10. Bxc6 bxc6 11. Nc4 Qe8 12. Re1 c5 13. Ne3 exd4 14. Nd5 Bd8 15.
cxd4 Bb7 16. Bf4 cxd4 17. Nxd4 Nf6 18. Rc1 Qd7 19. Qb3 Rb8 20. Nc6 Bxc6 21. Qxb8
Nxd5 22. exd5 Bxd5 23. Bg3 h5 24. Qb4 Bf6 25. b3 g6 26. h3 Kg7 27. Qa5 c6 28.
Qb4 Rd8 29. Bh4 g5 30. Bg3 h4 31. Bh2 c5 32. Qd2 Qf5 33. f3 Bd4+ 34. Kh1 Be6 35.
Re4 d5 36. Rxd4 cxd4 37. Qxd4+ Kh7 38. Be5 Kg6 39. Kh2 Rc8 40. Rxc8 Bxc8 41. Bd6
Qf6 42. Qxd5 Be6 43. Qd3+ Bf5 44. Qd2 Qe6 45. Qd4 f6 46. Bc5 Qc6 47. Qc4 Be6 48.
Qd3+ Bf5 49. Qd4 Be6 50. Be7 Bf5 51. Qd8 Qe6 52. Qe8+ Qf7 53. Qxf7+ Kxf7 54. Bc5
Bb1 55. a3 Bc2 56. b4 Ba4 57. Kg1 Ke6 58. Kf2 f5 59. Bb6 f4 60. Bd8 Kf5 61. Be7
Bb5 62. Bd8 Ba4 63. Be7 Bb5 64. Bd8 Ke5 1/2-1/2

[Event "European Blitz 2014"]
[Site "Wroclaw POL"]
[Date "2014.12.19"]
[Round "11.1"]
[White "Savchenko, Boris"]
[Black "Neiksans, Arturs"]
[Result "1-0"]
[WhiteTitle "GM"]
[BlackTitle "GM"]
[WhiteElo "2599"]
[BlackElo "2559"]
[WhiteFideId "4147332"]
[BlackFideId "11601388"]
[EventDate "2014.12.19"]

1. e4 c5 2. Nf3 e6 3. c3 Nf6 4. e5 Nd5 5. d4 cxd4 6. cxd4 Nc6 7. Bc4 d6 8. O-O
Be7 9. Qe2 O-O 10. Re1 Bd7 11. Nc3 Nxc3 12. bxc3 dxe5 13. dxe5 Qc7 14. Qe4 Rfe8
15. Bd3 g6 16. h4 Bf8 17. h5 Bg7 18. Ba3 Ne7 19. Qh4 Nf5 20. Bxf5 exf5 21. h6
Bh8 22. Be7 Rxe7 23. Qxe7 Re8 24. Qd6 Qxd6 25. exd6 Rd8 26. Re7 Bf6 27. Rae1
Bxe7 28. Rxe7 f6 29. Nd4 f4 30. f3 g5 31. Kf2 a5 32. Rg7+ Kh8 33. Nb3 b6 34. Rf7
Kg8 35. Rg7+ Kh8 36. Nd4 Bc8 37. Rc7 Bd7 38. Ke2 Kg8 39. Kd3 Kf8 40. Ke4 Re8+
41. Kd3 Rd8 42. Kc4 Ke8 43. Kd5 a4 44. Ne6 Ra8 45. Nd4 Ra5+ 46. Kc4 Re5 47. Rb7
Rc5+ 48. Kb4 Re5 49. Rxb6 Re1 50. Rb8+ Kf7 51. Rh8 Be8 52. Rxh7+ Kg6 53. Rh8 Bd7
54. c4 Rb1+ 55. Kc5 a3 56. h7 Rh1 57. Nb5 Rxh7 58. Rxh7 Kxh7 59. Nxa3 g4 60.
fxg4 Bxg4 61. Nc2 Kg7 62. Kc6 Kf7 63. Kc7 Ke8 64. c5 1-0

[Event "European Blitz 2014"]
[Site "Wroclaw POL"]
[Date "2014.12.19"]
[Round "11.1"]
[White "Duda, Jan-Krzysztof"]
[Black "Inarkiev, Ernesto"]
[Result "1-0"]
[WhiteTitle "GM"]
[BlackTitle "GM"]
[WhiteElo "2603"]
[BlackElo "2680"]
[WhiteFideId "1170546"]
[BlackFideId "4162722"]
[EventDate "2014.12.19"]

1. e4 e5 2. Nf3 Nc6 3. Bb5 a6 4. Ba4 Nf6 5. O-O Be7 6. Re1 b5 7. Bb3 d6 8. c3
O-O 9. h3 Nb8 10. d4 Nbd7 11. Nbd2 Bb7 12. Bc2 Re8 13. Nf1 Bf8 14. Ng3 g6 15.
Bg5 h6 16. Bd2 Bg7 17. a4 c6 18. b3 Qc7 19. Qc1 Kh7 20. Bd3 Nf8 21. dxe5 dxe5
22. c4 Rad8 23. Bf1 bxa4 24. Rxa4 Qe7 25. c5 Ne6 26. b4 Nc7 27. Bc3 Nd7 28. Bc4
Nb5 29. Bb2 Nf8 30. Ra1 Bc8 31. Qe3 Qc7 32. Rad1 Ne6 33. Qb3 Kg8 34. h4 Nbd4 35.
Bxd4 Nxd4 36. Nxd4 exd4 37. h5 Bg4 38. hxg6 Kh8 39. gxf7 Re5 40. Ra1 h5 41. Qd3
Rg5 42. Nf5 Be5 43. Rxa6 Rf8 44. Rea1 Bxf5 45. exf5 h4 46. Ra8 Qe7 47. R1a7 Bc7
48. Rxf8+ Qxf8 49. Rxc7 1-0

[Event "European Blitz 2014"]
[Site "Wroclaw POL"]
[Date "2014.12.19"]
[Round "11.1"]
[White "Korobov, Anton"]
[Black "Jaracz, Pawel"]
[Result "1-0"]
[WhiteTitle "GM"]
[BlackTitle "GM"]
[WhiteElo "2693"]
[BlackElo "2503"]
[WhiteFideId "14105730"]
[BlackFideId "1102222"]
[EventDate "2014.12.19"]

1. d4 Nf6 2. c4 e6 3. Nf3 b6 4. g3 Bb4+ 5. Nbd2 Bb7 6. Bg2 Be7 7. O-O c5 8. d5
exd5 9. Nh4 O-O 10. Nf5 Na6 11. cxd5 Bxd5 12. e4 Bc6 13. e5 Nd5 14. Ne4 Nac7 15.
Qg4 g6 16. Rd1 Ne6 17. Rxd5 Bxd5 18. Nxe7+ Qxe7 19. Nf6+ Kg7 20. Bh6+ 1-0

[Event "European Blitz 2014"]
[Site "Wroclaw POL"]
[Date "2014.12.19"]
[Round "11.1"]
[White "Kulaots, Kaido"]
[Black "Edouard, Romain"]
[Result "0-1"]
[WhiteTitle "GM"]
[BlackTitle "GM"]
[WhiteElo "2563"]
[BlackElo "2659"]
[WhiteFideId "4500261"]
[BlackFideId "633429"]
[EventDate "2014.12.19"]

1. e4 Nf6 2. e5 Ng8 3. d4 d6 4. Nf3 dxe5 5. Nxe5 Nd7 6. Nf3 Ngf6 7. g3 g6 8. Bg2
Bg7 9. O-O O-O 10. Nbd2 c6 11. Nc4 Nb6 12. Nce5 Be6 13. c3 a5 14. Re1 a4 15. Bg5
Bd5 16. Qc1 Re8 17. Bh6 Nc4 18. Bxg7 Kxg7 19. Nd3 b5 20. Nb4 Rc8 21. Ne5 Bxg2
22. Kxg2 c5 23. dxc5 Rxc5 24. Nxc4 bxc4 25. a3 Qa8+ 26. Kg1 h5 27. Qe3 Rf5 28.
Rad1 Ng4 29. Qd4+ e5 30. Qd5 Qxd5 31. Rxd5 Nxf2 32. Nc6 Nd3 33. Re3 Re6 34. Na5
Ref6 35. Nxc4 Rf1+ 36. Kg2 R6f2+ 37. Kh3 Rh1 0-1

[Event "European Blitz 2014"]
[Site "Wroclaw POL"]
[Date "2014.12.19"]
[Round "11.1"]
[White "Grigoriants, Sergey"]
[Black "Dourerassou, Jonathan"]
[Result "0-1"]
[WhiteTitle "GM"]
[BlackTitle "IM"]
[WhiteElo "2570"]
[BlackElo "2469"]
[WhiteFideId "4130804"]
[BlackFideId "628050"]
[EventDate "2014.12.19"]

1. e4 c5 2. Nf3 Nc6 3. Bb5 Nf6 4. Bxc6 dxc6 5. d3 Bg4 6. Nbd2 Nd7 7. h3 Bh5 8.
Nc4 b5 9. Ne3 e5 10. Nf5 f6 11. Be3 Nb6 12. Qe2 Bg6 13. N3h4 Bf7 14. O-O g6 15.
Ng3 f5 16. Nhxf5 gxf5 17. exf5 Qc7 18. Bg5 Be7 19. Bxe7 Qxe7 20. Rae1 O-O-O 21.
f4 Qh4 22. Qf3 Bd5 23. Qg4 Qxg4 24. hxg4 exf4 25. Nh5 Nd7 26. Nxf4 Rhg8 27. Ne6
Rde8 28. g5 Nf8 29. Nxc5 Rxe1 30. Rxe1 Kc7 31. c4 bxc4 32. dxc4 Bxc4 33. Re8 Nd7
34. Re7 Kd6 35. Rxd7+ Kxc5 36. g6 hxg6 37. f6 Rf8 38. Rxa7 Rxf6 39. Ra5+ Kd4 40.
Rg5 Bd5 41. a4 Kc5 42. Rg4 Kb6 43. b4 Re6 44. Rg5 Be4 45. Kf2 Bc2 46. a5+ Ka6
47. Rc5 Bd3 48. g4 Bb5 49. Kf3 Rd6 50. Rg5 Rd4 51. Rxg6 Rxb4 52. g5 Kxa5 53. Rd6
c5 54. g6 Rb3+ 55. Kf4 Bc4 56. Rd8 Rb7 57. Ke5 Kb4 58. Kf6 Rb6+ 59. Kg5 Kc3 60.
g7 Rb7 61. Kf6 Rb6+ 62. Kg5 Rb1 63. Rc8 Rg1+ 64. Kf6 Kd4 0-1

[Event "European Blitz 2014"]
[Site "Wroclaw POL"]
[Date "2014.12.19"]
[Round "11.1"]
[White "Bologan, Viktor"]
[Black "Mista, Aleksander"]
[Result "1-0"]
[WhiteTitle "GM"]
[BlackTitle "GM"]
[WhiteElo "2643"]
[BlackElo "2614"]
[WhiteFideId "13900048"]
[BlackFideId "1110381"]
[EventDate "2014.12.19"]

1. e4 e5 2. Nf3 Nc6 3. Bc4 Bc5 4. d3 Nf6 5. O-O O-O 6. h3 h6 7. c3 Re8 8. b4 Bf8
9. Qb3 Qe7 10. Nh4 Nd8 11. Nf5 1-0

[Event "European Blitz 2014"]
[Site "Wroclaw POL"]
[Date "2014.12.19"]
[Round "11.2"]
[White "Navara, David"]
[Black "Vitiugov, Nikita"]
[Result "1-0"]
[WhiteTitle "GM"]
[BlackTitle "GM"]
[WhiteElo "2727"]
[BlackElo "2738"]
[WhiteFideId "309095"]
[BlackFideId "4152956"]
[EventDate "2014.12.19"]

1. d4 Nf6 2. c4 e6 3. Nf3 d5 4. Nc3 Bb4 5. cxd5 exd5 6. Bg5 h6 7. Qa4+ Nc6 8.
Bxf6 Qxf6 9. e3 O-O 10. a3 Bxc3+ 11. bxc3 Bg4 12. Be2 Rad8 13. O-O Rd6 14. c4
dxc4 15. Qxc4 Qe7 16. Rab1 b6 17. Rfc1 Be6 18. Qc3 Bd5 19. Nd2 Rg6 20. e4 Bxe4
21. Nxe4 Qxe4 22. Bf3 Qxd4 23. Bxc6 Qd6 24. g3 Rf6 25. Rc2 Rd8 26. Re1 Re6 27.
Rxe6 Qxe6 28. Kg2 g6 29. Qc4 Qf6 30. Re2 Kg7 31. Re3 Rd4 32. Qc3 Rd6 33. Qxf6+
Kxf6 34. Be8 Kg7 35. Rf3 f5 36. Re3 Kf6 37. Bb5 c6 38. Ba6 Rd4 39. Bc8 Rd6 40.
Re8 a5 41. Bb7 c5 42. Ba6 g5 43. h3 h5 44. Rh8 Kg6 45. Bb5 Re6 46. a4 Re5 47.
Re8 Rd5 48. Re6+ Kg7 49. Rxb6 Rd4 50. Rc6 1-0

[Event "European Blitz 2014"]
[Site "Wroclaw POL"]
[Date "2014.12.19"]
[Round "11.2"]
[White "Bortnyk, Olexandr"]
[Black "Kovalenko, Igor"]
[Result "1-0"]
[WhiteTitle "IM"]
[BlackTitle "GM"]
[WhiteElo "2533"]
[BlackElo "2653"]
[WhiteFideId "14120828"]
[BlackFideId "14117908"]
[EventDate "2014.12.19"]

1. d4 Nf6 2. Bf4 d5 3. e3 c5 4. Nf3 Nc6 5. c3 Qb6 6. Qb3 c4 7. Qxb6 axb6 8. Nbd2
Bf5 9. Nh4 Be6 10. h3 h6 11. Nhf3 g5 12. Bh2 b5 13. Be2 Bf5 14. O-O e6 15. Ne5
Rg8 16. g4 Bh7 17. f4 Nxe5 18. fxe5 Nd7 19. Bf3 Bd3 20. Rf2 b4 21. e4 Nb6 22.
exd5 Nxd5 23. Bxd5 exd5 24. Nf1 bxc3 25. bxc3 Rg6 26. Ne3 Be4 27. Rb2 b6 28. a4
Kd7 29. Rf1 Ke8 30. Ra1 Kd7 31. Rf2 Ke8 32. Re2 Rc6 33. Rb2 Ra5 34. Rb5 Be7 35.
Bg3 Kf8 36. Ra2 Kg8 37. Rxa5 bxa5 38. Rb2 Ba3 39. Rb5 Kg7 40. Nxd5 Bc1 41. Nf6
Bh7 42. d5 Rc8 43. d6 Bd2 44. d7 Rd8 45. Bf2 Bxc3 46. Bb6 Ra8 47. d8=Q Rxd8 48.
Bxd8 Bd4+ 49. Kg2 c3 50. Bxa5 c2 51. Bd2 Bd3 52. Rd5 Bc3 53. Bc1 Ba6 54. Rc5
Bb7+ 55. Kf1 Ba6+ 56. Kg2 Bb7+ 57. Kh2 Bd4 58. Nh5+ Kf8 59. Rxc2 Bxe5+ 60. Ng3 1-0

[Event "European Blitz 2014"]
[Site "Wroclaw POL"]
[Date "2014.12.19"]
[Round "11.2"]
[White "Bartel, Mateusz"]
[Black "Efimenko, Zahar"]
[Result "0-1"]
[WhiteTitle "GM"]
[BlackTitle "GM"]
[WhiteElo "2664"]
[BlackElo "2643"]
[WhiteFideId "1112635"]
[BlackFideId "14107201"]
[EventDate "2014.12.19"]

1. e4 e5 2. Nf3 Nc6 3. Bb5 a6 4. Ba4 Nf6 5. Bxc6 dxc6 6. d3 Bd6 7. Nbd2 O-O 8.
Nc4 Re8 9. O-O Bg4 10. h3 Bh5 11. Ne3 Nd7 12. Nf5 Nf8 13. g4 Bg6 14. Bg5 f6 15.
Be3 Ne6 16. Kg2 c5 17. Rg1 Kh8 18. b3 b5 19. a4 Bf8 20. Qd2 Qd7 21. Qc3 Qc6 22.
h4 h5 23. gxh5 Bxh5 24. Ng3 Bf7 25. h5 c4 26. axb5 axb5 27. Rxa8 Rxa8 28. bxc4
bxc4 29. Nh4 Ra3 30. Qd2 cxd3 31. cxd3 Qc3 32. Qd1 Qxd3 33. Qg4 Ra2 34. Ng6+ Kg8
35. Nf5 Qe2 36. Qh4 Ng5 37. Qg3 Nxe4 38. Nge7+ Kh8 39. Qh4 Ng5 40. Ng6+ Kg8 41.
Nge7+ Bxe7 42. Nxe7+ Kf8 43. Ng6+ Bxg6 44. hxg6 Qxe3 45. Qh8+ Ke7 46. Qxg7+ Ke6
47. Qg8+ Kf5 0-1

[Event "European Blitz 2014"]
[Site "Wroclaw POL"]
[Date "2014.12.19"]
[Round "11.2"]
[White "Azarov, Sergei"]
[Black "Anton Guijarro, David"]
[Result "1-0"]
[WhiteTitle "GM"]
[BlackTitle "GM"]
[WhiteElo "2635"]
[BlackElo "2608"]
[WhiteFideId "13501470"]
[BlackFideId "2285525"]
[EventDate "2014.12.19"]

1. e4 g6 2. d4 Bg7 3. Nf3 d6 4. Nc3 Nf6 5. Be3 c6 6. Qd2 Qa5 7. Bd3 Bg4 8. O-O-O
b5 9. Kb1 b4 10. Ne2 Nbd7 11. h3 Bxf3 12. gxf3 O-O 13. f4 c5 14. f3 Rfc8 15.
dxc5 Nxc5 16. f5 Rab8 17. fxg6 hxg6 18. Bxc5 Rxc5 19. f4 Rb6 20. Rhg1 Qa4 21.
Nc1 d5 22. e5 Ne4 23. Bxe4 dxe4 24. Rg2 Rc8 25. h4 Rbc6 26. b3 Qa6 27. Qe3 Qb6
28. Qxe4 Qc7 29. h5 g5 30. Rdg1 f6 31. fxg5 f5 32. Qd5+ e6 33. Qd4 Bxe5 34. Qd3
Bh8 35. Re2 Qg7 36. c3 Rxc3 1-0

[Event "European Blitz 2014"]
[Site "Wroclaw POL"]
[Date "2014.12.19"]
[Round "11.2"]
[White "Neiksans, Arturs"]
[Black "Savchenko, Boris"]
[Result "0-1"]
[WhiteTitle "GM"]
[BlackTitle "GM"]
[WhiteElo "2559"]
[BlackElo "2599"]
[WhiteFideId "11601388"]
[BlackFideId "4147332"]
[EventDate "2014.12.19"]

1. Nf3 d5 2. g3 Nf6 3. Bg2 Bf5 4. O-O e6 5. c4 c6 6. b3 Be7 7. Bb2 O-O 8. d3
Nbd7 9. Nbd2 Qb6 10. Nh4 Bg4 11. h3 Bh5 12. g4 Ne8 13. gxh5 Bxh4 14. h6 g6 15.
Nf3 Bf6 16. Qd2 Qd8 17. Bxf6 Nexf6 18. Ng5 Qe7 19. d4 Rfe8 20. Rae1 Qf8 21. Nf3
Ne4 22. Qe3 Nd6 23. Nh4 dxc4 24. bxc4 Nxc4 25. Qc1 Nd6 26. e4 e5 27. f4 exd4 28.
e5 Qe7 29. Nf3 Nf5 30. Qb2 Nb6 31. Ng5 c5 32. Ne4 Kh8 33. Rc1 Rac8 34. Nf6 Red8
35. Be4 Ne3 36. Rfe1 c4 37. Rxe3 dxe3 38. e6 c3 39. Rxc3 Na4 40. Rxc8 Nxb2 41.
Nd5 Rxc8 42. Nxe7 Rc1+ 43. Kg2 fxe6 0-1

[Event "European Blitz 2014"]
[Site "Wroclaw POL"]
[Date "2014.12.19"]
[Round "11.2"]
[White "Jaracz, Pawel"]
[Black "Korobov, Anton"]
[Result "0-1"]
[WhiteTitle "GM"]
[BlackTitle "GM"]
[WhiteElo "2503"]
[BlackElo "2693"]
[WhiteFideId "1102222"]
[BlackFideId "14105730"]
[EventDate "2014.12.19"]

1. b4 e5 2. Bb2 Bxb4 3. Bxe5 Nf6 4. e3 O-O 5. Nf3 d5 6. Bb2 c5 7. c4 d4 8. exd4
cxd4 9. Bxd4 Nc6 10. Be3 Ng4 11. a3 Ba5 12. Be2 Nxe3 13. fxe3 f5 14. g3 g5 15.
Qc2 g4 16. Nh4 f4 17. Bd3 fxe3 18. Bxh7+ Kg7 19. Qg6+ Kh8 20. Bg8 Bxd2+ 21. Kd1
e2+ 22. Kc2 Rxg8 23. Qh5+ Kg7 24. Nxd2 Nd4+ 25. Kc3 Be6 26. Qe5+ Qf6 27. Qxf6+
Kxf6 28. Kxd4 Rad8+ 29. Ke3 Rge8 30. Ne4+ Kg7 31. Rac1 Bd7 32. Kf4 Rf8+ 33. Kg5
Rde8 34. Ng6 Rf5+ 35. Kxg4 Rxe4+ 36. Nf4 Rfxf4+ 0-1

[Event "European Blitz 2014"]
[Site "Wroclaw POL"]
[Date "2014.12.19"]
[Round "11.2"]
[White "Edouard, Romain"]
[Black "Kulaots, Kaido"]
[Result "0-1"]
[WhiteTitle "GM"]
[BlackTitle "GM"]
[WhiteElo "2659"]
[BlackElo "2563"]
[WhiteFideId "633429"]
[BlackFideId "4500261"]
[EventDate "2014.12.19"]

1. Nf3 Nf6 2. c4 e6 3. b3 d5 4. Bb2 Be7 5. g3 O-O 6. Bg2 b6 7. O-O Bb7 8. e3 a5
9. Nc3 Nbd7 10. Qc2 Nc5 11. d4 Nce4 12. Nxe4 Nxe4 13. Ne5 c5 14. cxd5 exd5 15.
Rad1 cxd4 16. Bxd4 Rc8 17. Qb2 Ba6 18. Rfe1 Bb4 19. Bxe4 dxe4 20. Re2 Bxe2 21.
Qxe2 Qg5 22. Nd7 Rfd8 23. Nxb6 Rc6 24. Nc4 a4 25. h4 Qe7 26. Ne5 Re6 27. Nc4
axb3 28. axb3 h6 29. Ra1 Bc5 30. Bb2 Qd7 31. h5 Re7 32. Kg2 Qf5 33. Ra5 Rd5 34.
Ba1 Red7 35. b4 Bxb4 36. Rxd5 Rxd5 37. Bd4 Bc5 38. Bxc5 Rxc5 39. Nd6 Qd5 40. Ne8
Qd7 0-1

[Event "European Blitz 2014"]
[Site "Wroclaw POL"]
[Date "2014.12.19"]
[Round "11.2"]
[White "Dourerassou, Jonathan"]
[Black "Grigoriants, Sergey"]
[Result "1/2-1/2"]
[WhiteTitle "IM"]
[BlackTitle "GM"]
[WhiteElo "2469"]
[BlackElo "2570"]
[WhiteFideId "628050"]
[BlackFideId "4130804"]
[EventDate "2014.12.19"]

1. e4 c5 2. Nf3 e6 3. d4 cxd4 4. Nxd4 Nc6 5. Nc3 Qc7 6. Be3 a6 7. Bd3 Nf6 8. O-O
Nxd4 9. Bxd4 Bc5 10. Bxc5 Qxc5 11. Kh1 d6 12. f4 O-O 13. Qe1 e5 14. Qh4 exf4 15.
Nd5 Nxd5 16. exd5 h6 17. Qxf4 Bd7 18. Rae1 Rae8 19. Rxe8 Bxe8 20. Qe4 g6 21. Qh4
Qxd5 22. Qxh6 Bc6 23. Rf2 Qd4 24. Qf4 Qxb2 25. Bxg6 Qa1+ 26. Rf1 Bxg2+ 27. Kxg2
Qg7 28. Qxd6 Qxg6+ 29. Qxg6+ fxg6 30. Rb1 Rc8 31. Rb2 b5 32. Kf3 Rc4 33. Ke3 Kf7
34. Kd3 Ra4 35. c3 Rh4 36. Re2 Kf6 37. Kc2 g5 38. Kd3 Kf5 39. Rf2+ Ke5 40. Re2+
Kd5 41. Rg2 g4 42. Rg3 Rxh2 43. Rxg4 Rxa2 44. Rg5+ Kc6 45. Rh5 Kb6 46. c4 Ra3+
47. Kd4 Ra4 48. Rc5 Rb4 49. Kd5 bxc4 50. Rxc4 Kb5 51. Rc8 a5 52. Rc1 Ka4 53.
Ra1+ Kb5 54. Rc1 Rb2 55. Kd4 Kb4 56. Rc4+ Kb3 57. Rc3+ Kb4 58. Rc4+ Kb5 59. Rc5+
Ka4 60. Kc3 Rh2 61. Rg5 Rh3+ 62. Kd4 1/2-1/2

[Event "European Blitz 2014"]
[Site "Wroclaw POL"]
[Date "2014.12.19"]
[Round "11.2"]
[White "Mista, Aleksander"]
[Black "Bologan, Viktor"]
[Result "0-1"]
[WhiteTitle "GM"]
[BlackTitle "GM"]
[WhiteElo "2614"]
[BlackElo "2643"]
[WhiteFideId "1110381"]
[BlackFideId "13900048"]
[EventDate "2014.12.19"]

1. e4 g6 2. d4 Bg7 3. Nc3 c6 4. Nf3 d6 5. h3 Nd7 6. Be3 b5 7. Bd3 e5 8. dxe5
dxe5 9. a4 b4 10. Nb1 Ngf6 11. O-O O-O 12. Nbd2 Qe7 13. Nc4 a5 14. Qe2 Bb7 15.
Rfd1 Nh5 16. Nb6 Nxb6 17. Bxb6 c5 18. Bb5 Nf6 19. Qe3 Rfc8 20. c3 bxc3 21. bxc3
Bxe4 22. Ng5 Bd5 23. c4 Bxg2 24. Bxc5 Rxc5 25. Kxg2 e4 26. h4 Rac8 27. Ra2 h6
28. Nh3 Rf5 29. Rad2 Rf3 30. Qb6 e3 31. Rd8+ Kh7 32. Kxf3 Qe4+ 33. Kg3 Nh5+ 34.
Kh2 Be5+ 35. f4 Bxf4+ 36. Nxf4 Qxf4+ 37. Kg2 Qf2+ 0-1